[Event "Bayern-ch Seniors 25th"]
[Site "Bergen"]
[Date "2013.06.18"]
[Round "4.43"]
[White "Nefzger, Franz"]
[Black "Vogel, Paul"]
[Result "1-0"]
[WhiteElo "1511"]
[BlackElo "1384"]
[PlyCount "63"]
[EventDate "2013.06.15"]
[EventType "swiss"]
[EventRounds "9"]
[EventCountry "GER"]
[SourceTitle "EXT 2022"]
[Source "ChessBase"]
[SourceDate "2021.10.06"]
[SourceVersion "1"]
[SourceVersionDate "2021.10.06"]
[SourceQuality "1"]

1. c4 e6 2. Nc3 f5 3. d4 c6 4. Nf3 Nf6 5. a3 d5 6. e3 Bd6 7. cxd5 exd5 8. b4 b5 9. Bb2 0-0 10. Rc1 Re8 11. Qc2 Ne4 12. Be2 Bb7 13. Nb1 Nd7 14. Nbd2 Ndf6 15. Ne5 Bxe5 16. dxe5 Nxd2 17. Qxd2 Ne4 18. Qc2 Qg5 19. g3 Qg6 20. Bf3 Ng5 21. Bg2 Rf8 22. Bd4 Ne6 23. Bc5 Nxc5 24. Qxc5 Rfc8 25. f4 Qe6 26. Kf2 Qf7 27. Qd4 g6 28. Rc3 a5 29. Rhc1 axb4 30. axb4 Rc7 31. Bxd5 cxd5 32. Rxc7 1-0

[Event "Bayern-ch Seniors 25th"]
[Site "Bergen"]
[Date "2013.06.15"]
[Round "1.26"]
[White "Zehfuss, Helmut"]
[Black "Nefzger, Franz"]
[Result "1-0"]
[WhiteElo "1793"]
[BlackElo "1511"]
[PlyCount "45"]
[EventDate "2013.06.15"]
[EventType "swiss"]
[EventRounds "9"]
[EventCountry "GER"]
[SourceTitle "EXT 2022"]
[Source "ChessBase"]
[SourceDate "2021.10.06"]
[SourceVersion "1"]
[SourceVersionDate "2021.10.06"]
[SourceQuality "1"]

1. e4 e5 2. Nf3 d6 3. Bc4 h6 4. 0-0 Nf6 5. Qe2 Be7 6. d4 Bg4 7. dxe5 dxe5 8. Rd1 Bd6 9. h3 Bxf3 10. Qxf3 0-0 11. Nd2 Qe7 12. Nf1 Nc6 13. c3 Ne8 14. Ng3 Qf6 15. Qg4 Kh7 16. Be3 a6 17. a4 Qg6 18. Qe2 Ne7 19. Bd3 Nf6 20. b4 Nd7 21. Qc2 Rac8 22. Qd2 c6 23. Be2 1-0

[Event "Bayern-ch Seniors 23rd"]
[Site "Bergen"]
[Date "2011.05.28"]
[Round "1"]
[White "Weigel, Herbert"]
[Black "Nefzger, Franz"]
[Result "1-0"]
[WhiteElo "1925"]
[BlackElo "1560"]
[PlyCount "57"]
[EventDate "2011.05.28"]
[EventType "swiss"]
[EventRounds "9"]
[EventCountry "GER"]
[SourceTitle "EXT 2012"]
[Source "ChessBase"]
[SourceDate "2011.11.24"]
[SourceVersion "1"]
[SourceVersionDate "2011.11.24"]
[SourceQuality "1"]

1. e4 e5 2. Nf3 d6 3. d4 Nf6 4. Nc3 exd4 5. Nxd4 Be7 6. Be2 0-0 7. 0-0 Bd7 8. f4 c5 9. Nb3 Nc6 10. Be3 b6 11. Kh1 Be6 12. Bf3 Rc8 13. Qe2 Qc7 14. Rad1 Rfd8 15. Rd2 Ne8 16. Nd5 Bxd5 17. Rxd5 Nf6 18. Rd2 Rb8 19. Rfd1 b5 20. Bf2 Ne8 21. Bg3 a5 22. e5 a4 23. Nc1 Nd4 24. Qf2 Nxf3 25. Qxf3 dxe5 26. fxe5 Rxd2 27. Rxd2 Rd8 28. Rf2 Qd7 29. Qxf7+ 1-0

[Event "Bayern-ch Seniors 21st"]
[Site "Bergen"]
[Date "2009.06.22"]
[Round "3"]
[White "Nefzger, Franz"]
[Black "Baumgartner, Andreas"]
[Result "0-1"]
[WhiteElo "1590"]
[BlackElo "1650"]
[PlyCount "104"]
[EventDate "2009.06.20"]
[EventType "swiss"]
[EventRounds "9"]
[EventCountry "GER"]
[SourceTitle "EXT 2015"]
[Source "ChessBase"]
[SourceDate "2014.11.20"]
[SourceVersion "1"]
[SourceVersionDate "2014.11.20"]
[SourceQuality "1"]

1. c4 Nf6 2. d4 e6 3. Nc3 d5 4. e3 Bb4 5. Bd2 0-0 6. Nf3 c6 7. Bd3 Nbd7 8. 0-0 Re8 9. h3 b6 10. cxd5 cxd5 11. Bb5 Bb7 12. Rc1 Rc8 13. Ne5 a6 14. Nxd7 Nxd7 15. Bxd7 Qxd7 16. Qb3 Qd6 17. a3 Bxc3 18. Bxc3 b5 19. Bb4 Qd7 20. Bc5 h6 21. Qd3 f6 22. f4 Bc6 23. b4 Ra8 24. Qc3 Rec8 25. Qb2 Bb7 26. Rc3 Qf7 27. Qc2 Qc7 28. Rc1 Re8 29. g4 Qf7 30. Qf2 Qg6 31. Qf3 f5 32. Kf2 fxg4 33. hxg4 Rac8 34. Kg3 h5 35. g5 e5 36. Rh1 exd4 37. exd4 Rc7 38. Rxh5 Qe4 39. Rh1 Qxf3+ 40. Kxf3 Re4 41. Re3 Rf7 42. Rxe4 dxe4+ 43. Ke3 Bc8 44. Rd1 Bf5 45. d5 Rd7 46. d6 g6 47. Ra1 Rh7 48. a4 Rh3+ 49. Kd4 Kf7 50. axb5 axb5 51. d7 Ke6 52. d8Q Rd3# 0-1

[Event "Bayern-ch Seniors 21st"]
[Site "Bergen"]
[Date "2009.06.21"]
[Round "2"]
[White "Eichinger, Guenther"]
[Black "Nefzger, Franz"]
[Result "1-0"]
[WhiteElo "1953"]
[BlackElo "1590"]
[PlyCount "41"]
[EventDate "2009.06.20"]
[EventType "swiss"]
[EventRounds "9"]
[EventCountry "GER"]
[SourceTitle "EXT 2015"]
[Source "ChessBase"]
[SourceDate "2014.11.20"]
[SourceVersion "1"]
[SourceVersionDate "2014.11.20"]
[SourceQuality "1"]

1. e4 e6 2. d4 d5 3. Nc3 dxe4 4. Nxe4 Nf6 5. Bd3 Nbd7 6. Ne2 Be7 7. 0-0 b6 8. N2g3 Bb7 9. c3 c5 10. Nxf6+ Bxf6 11. dxc5 Nxc5 12. Bb5+ Ke7 13. Bf4 Qxd1 14. Raxd1 Rhd8 15. Bc7 Rxd1 16. Rxd1 Kf8 17. f3 Rc8 18. Bd6+ Be7 19. Bxe7+ Kxe7 20. b4 Na6 21. Rd7+ 1-0

[Event "Bad Woerishofen Seniors op 17th"]
[Site "Bad Woerishofen"]
[Date "2001.03.23"]
[Round "9"]
[White "Nefzger, Franz"]
[Black "Philipp, Guenther"]
[Result "0-1"]
[WhiteElo "1653"]
[BlackElo "1752"]
[PlyCount "108"]
[EventDate "2001.03.??"]
[EventType "swiss"]
[EventRounds "9"]
[EventCountry "GER"]
[SourceTitle "EXT 2002"]
[Source "ChessBase"]
[SourceDate "2001.11.25"]
[SourceVersion "1"]
[SourceVersionDate "2001.11.25"]
[SourceQuality "1"]

1. d4 Nf6 2. c4 e6 3. Bg5 h6 4. Bd2 c5 5. Nf3 Nc6 6. Bc3 Ne4 7. d5 Nxc3 8. Nxc3 exd5 9. Nxd5 d6 10. e3 Be7 11. Be2 0-0 12. 0-0 Be6 13. Nxe7+ Qxe7 14. h3 Rfd8 15. Qc2 d5 16. cxd5 Bxd5 17. a3 Rac8 18. Rfd1 b6 19. Qc3 Rd6 20. Rd2 Rcd8 21. Rad1 R8d7 22. Ne1 Rd8 23. Bf3 Bxf3 24. Nxf3 Rxd2 25. Rxd2 Rxd2 26. Qxd2 Kf8 27. Qc2 Qf6 28. Nd2 Qe6 29. Qd3 Ke7 30. f4 Qd6 31. Qe4+ Qe6 32. Qf3 Na5 33. g4 Qd6 34. Qe4+ Kd7 35. Qc2 Qd5 36. Kf2 g6 37. Nf3 Ke7 38. Qd2 Qxd2+ 39. Nxd2 Ke6 40. e4 c4 41. Ke3 Kd6 42. Kd4 b5 43. e5+ Kc6 44. h4 Nb3+ 45. Nxb3 cxb3 46. h5 gxh5 47. gxh5 a5 48. f5 a4 49. Ke4 b4 50. Kd3 bxa3 51. bxa3 Kd5 52. e6 fxe6 53. f6 Kd6 54. Kc3 e5 0-1

[Event "Bad Woerishofen Seniors op 17th"]
[Site "Bad Woerishofen"]
[Date "2001.03.22"]
[Round "8"]
[White "Antusch, Ingrid"]
[Black "Nefzger, Franz"]
[Result "1/2-1/2"]
[WhiteElo "1700"]
[BlackElo "1653"]
[PlyCount "178"]
[EventDate "2001.03.??"]
[EventType "swiss"]
[EventRounds "9"]
[EventCountry "GER"]
[SourceTitle "EXT 2002"]
[Source "ChessBase"]
[SourceDate "2001.11.25"]
[SourceVersion "1"]
[SourceVersionDate "2001.11.25"]
[SourceQuality "1"]

1. f4 d5 2. Nf3 Nf6 3. e3 Bg4 4. d4 e6 5. Bd3 Nbd7 6. Nbd2 c5 7. c3 a6 8. 0-0 c4 9. Bc2 b5 10. a3 Bf5 11. Bxf5 exf5 12. Ne5 Ne4 13. Qh5 g6 14. Qh3 Qf6 15. Nxe4 dxe4 16. Bd2 Be7 17. Rad1 Qh4 18. Qxh4 Bxh4 19. g3 Bf6 20. Bc1 Bxe5 21. fxe5 h5 22. Rf4 Ke7 23. h3 Rad8 24. Rd2 Ke6 25. Kg2 Nb6 26. Rf1 Nd5 27. Rdf2 Rd7 28. Rh1 Ne7 29. Rhf1 Rdd8 30. Rd2 Nc6 31. Rdf2 Ne7 32. b3 Rc8 33. Rb2 Nd5 34. Bd2 Rc6 35. Ra1 Rhc8 36. b4 Nb6 37. Rf1 Ra8 38. Ra1 Rcc8 39. Rab1 Rcb8 40. h4 Na4 41. Ra2 Kd5 42. Be1 a5 43. Rba1 axb4 44. axb4 Rg8 45. Rf2 Kc6 46. Bd2 g5 47. Rh1 gxh4 48. Rxh4 Rg5 49. Be1 Nb6 50. Bd2 Nd5 51. Kh2 Ne7 52. Be1 Ng8 53. Kg2 Ne7 54. Bd2 Ng6 55. Rh3 Ra1 56. Rf1 Ra2 57. Rf2 Ne7 58. Be1 Ra3 59. Rc2 Nd5 60. Bd2 f6 61. exf6 Nxf6 62. Rh1 Rg8 63. Kh3 Rga8 64. Kh4 Rg8 65. Rf1 Rg4+ 66. Kh3 Nd5 67. Rf2 Ra8 68. Rc1 Ra2 69. Be1 Ra4 70. Re2 Kd6 71. Bd2 Ra2 72. Rd1 Nxc3 73. Bxc3 Rxe2 74. d5 Ke7 75. Bd4 Ra2 76. Bc5+ Kd7 77. d6 Ra8 78. Rd5 Ke6 79. Rd1 Rgg8 80. d7 c3 81. Rd6+ Kf7 82. Rc6 Rgd8 83. Bd4 c2 84. Rxc2 Rxd7 85. Rc5 Rb8 86. Rxf5+ Kg6 87. Re5 Rf7 88. Rxe4 Rf2 89. Re5 Ra8 1/2-1/2

[Event "Bad Woerishofen Seniors op 17th"]
[Site "Bad Woerishofen"]
[Date "2001.03.18"]
[Round "4"]
[White "Scheidt, Eugen"]
[Black "Nefzger, Franz"]
[Result "1-0"]
[WhiteElo "1927"]
[BlackElo "1653"]
[PlyCount "63"]
[EventDate "2001.03.??"]
[EventType "swiss"]
[EventRounds "9"]
[EventCountry "GER"]
[SourceTitle "EXT 2002"]
[Source "ChessBase"]
[SourceDate "2001.11.25"]
[SourceVersion "1"]
[SourceVersionDate "2001.11.25"]
[SourceQuality "1"]

1. e4 e6 2. d4 d5 3. Nc3 Nf6 4. Bg5 Be7 5. Bxf6 Bxf6 6. e5 Be7 7. Qg4 0-0 8. 0-0-0 Nd7 9. f4 c5 10. dxc5 Bxc5 11. Nf3 f5 12. Qg3 Be7 13. h4 Nc5 14. Nd4 a6 15. h5 Qe8 16. h6 g6 17. Be2 Qf7 18. Kb1 Bd7 19. Bf3 Kh8 20. Nce2 Qg8 21. Qf2 Ne4 22. Bxe4 fxe4 23. Qe3 Rac8 24. Nb3 Bb5 25. Ned4 Bc5 26. Nxc5 Rxc5 27. Nxe6 Rcc8 28. Nxf8 Qxf8 29. Rxd5 Bc6 30. Rd6 Qe7 31. Rhd1 Qh4 32. Qh3 1-0

[Event "Bad Woerishofen Seniors op 17th"]
[Site "Bad Woerishofen"]
[Date "2001.03.16"]
[Round "2"]
[White "Nefzger, Franz"]
[Black "Miessner, Rolf"]
[Result "1/2-1/2"]
[WhiteElo "1653"]
[BlackElo "1750"]
[PlyCount "104"]
[EventDate "2001.03.??"]
[EventType "swiss"]
[EventRounds "9"]
[EventCountry "GER"]
[SourceTitle "EXT 2002"]
[Source "ChessBase"]
[SourceDate "2001.11.25"]
[SourceVersion "1"]
[SourceVersionDate "2001.11.25"]
[SourceQuality "1"]

1. c4 c6 2. d4 d5 3. e3 Bf5 4. Nf3 e6 5. Nc3 Nf6 6. Be2 Nbd7 7. 0-0 Bd6 8. Re1 0-0 9. c5 Be7 10. Bd3 Ne4 11. Bxe4 dxe4 12. Nd2 Nf6 13. Qc2 b6 14. b4 a5 15. bxa5 bxc5 16. dxc5 Rxa5 17. Nb3 Ra6 18. Bb2 Qa8 19. h3 Bg6 20. Qe2 Rd8 21. Red1 Rxd1+ 22. Qxd1 Nd5 23. Qe2 Ra7 24. g3 Nb4 25. a3 Nd3 26. Qc2 Nxb2 27. Qxb2 Bf6 28. Nd4 Rb7 29. Qc2 Rd7 30. Nce2 Bxd4 31. Nxd4 e5 32. Ne2 Qd8 33. Rb1 h6 34. Qa4 Qf6 35. Rd1 Qe6 36. Kg2 f5 37. Rxd7 Qxd7 38. Qc4+ Bf7 39. Qc1 Qd3 40. Ng1 Bc4 41. Qb2 Qd5 42. Qb4 f4 43. gxf4 exf4 44. Qb8+ Kh7 45. Qxf4 Bd3 46. Qd6 Qg5+ 47. Qg3 Qxc5 48. Qg4 Qd5 49. Ne2 Bxe2 50. Qxe2 Qg5+ 51. Kf1 Qe5 52. Qd1 Qb5+ 1/2-1/2